| 000 | 00578nam a2200181Ia 4500 | ||
|---|---|---|---|
| 003 | IN-BaIIA | ||
| 008 | 211028s9999 xx 000 0 eng d | ||
| 040 | _cIIA Library | ||
| 080 |
_a081:52 _bPAR |
||
| 100 |
_aParsons, William _9686 |
||
| 245 | 4 |
_aThe scientific papers of Sir William Parsons _bthird earl of rosse 1800-1867 _cWilliam Parsons |
|
| 260 |
_aLondon _bSir Charles Parsons _c1926 |
||
| 300 | _a221p. | ||
| 650 | _aAstronomy and astrophysics thesaurus | ||
| 650 |
_aCollected Works-William Parsons _9687 |
||
| 650 |
_aWilliam Parsons Collected Works _9688 |
||
| 942 | _cBK | ||
| 999 |
_c330 _d330 |
||